| 000 | 01157nam a2200289 a 4500 | ||
|---|---|---|---|
| 001 | 14973844 | ||
| 008 | 181030s2007 ||||||||||||||||| || u | ||
| 010 | _a2007279494 | ||
| 020 | _a9780521677981 | ||
| 020 | _a052167798X (pbk.) | ||
| 020 | _a9780521677981 (pbk.) | ||
| 020 | _a0521860814 (hbk.) | ||
| 050 | _aBD 591 Car | ||
| 100 | _aCartwright, Nancy | ||
| 245 | 1 | 0 |
_aHunting causes and using them: approaches in philosophy and economics _cBy Nancy Cartwright |
| 260 |
_aCambridge: _bCambridge University Press _c2007 |
||
| 300 | _ax, 270 p.: ill. | ||
| 350 | _a32.99 | ||
| 500 | _aIncludes bibliographical references (p. 262-267) and index. | ||
| 650 | 0 | _aECONOMICS-PHILOSOPHY | |
| 650 | 0 | _aSCIENCE--PHILOSOPHY | |
| 650 | 0 | _aCAUSATION | |
| 856 | _uhttp://www.loc.gov/catdir/enhancements/fy0729/2007279494-b.html | ||
| 856 | _uhttp://www.loc.gov/catdir/enhancements/fy0729/2007279494-d.html | ||
| 856 | _uhttp://www.loc.gov/catdir/enhancements/fy0729/2007279494-t.html | ||
| 995 |
_FCBU-MAIN LIBRARY (Kitwe) _I32.99 _M1 _UAVAILABLE _WOct 30, 2018 _ZMain Library Open Access Collection |
||
| 999 |
_c46039 _d46039 |
||